000 00285nam a22001337a 4500
008 170808b xxu||||| |||| 00| 0 eng d
020 _a0721681506
041 _aeng
080 _a004
100 _a34
101 _aSHKI
245 _aNUMERICAL COMPUTING
_cSHAMPINE
942 _2udc
_cBK
999 _c22888
_d22888